Succsex: (Record no. 189720)

MARC details
000 -LEADER
fixed length control field 00568nam a2200181 4500
005 - DATE AND TIME OF LATEST TRANSACTION
control field 20220711161901.0
010 ## - LCCN (DPL NO)
LC control number ENG-133465
020 ## - INTERNATIONAL STANDARD BOOK NUMBER
International Standard Book Number 9788120755970
Terms of availability 195.00
035 ## - SYSTEM CONTROL NUMBER
System control number EN-116997
037 ## - SOURCE OF ACQUISITION
Source of stock number/acquisition DBAD/PUB
082 ## - DEWEY DECIMAL CLASSIFICATION NUMBER
Classification number 370
100 ## - MAIN ENTRY--PERSONAL NAME
Personal name RVM
245 ## - TITLE STATEMENT
Title Succsex:
Remainder of title success through sex transmutation/
Statement of responsibility, etc RVM
260 ## - PUBLICATION, DISTRIBUTION, ETC. (IMPRINT)
Place of publication, distribution, etc New Delhi
Name of publisher, distributor, etc Sterling publishers pvt.ltd.
Date of publication, distribution, etc 2010
270 ## - ADDRESS
Address A-59,okhla industrial area, phase-3
City New Delhi
Postal code 110020
Telephone number 26387070
Electronic mail address mail@sterlingpublishers.com
300 ## - PHYSICAL DESCRIPTION
Extent 111p.
Dimensions 22cm(pbk)
942 ## - ADDED ENTRY ELEMENTS (KOHA)
Source of classification or shelving scheme Dewey Decimal Classification
Item type English Books
Classification part 370
Call number suffix RVM
Holdings
Withdrawn status Lost status Not for loan Collection code Home library Current library Date acquired Source of acquisition Cost, normal purchase price Full call number Barcode Copy number Cost, replacement price Koha item type
      Non-fiction Ashok Vihar Ashok Vihar 11/07/2022 DBAD/PUB 195.00 370 RVM EN-116997 1 195.00 English Books

© Delhi Public Library
Hit Counter
free hit counter